<?xml version="1.0" encoding="UTF-8"?>
<collection xmlns="http://www.loc.gov/MARC21/slim">
    <record>
        <controlfield tag="001">75360</controlfield>
        <controlfield tag="005">20210222080316.0</controlfield>
        <datafield tag="024" ind1="7" ind2=" ">
            <subfield code="2">doi</subfield>
            <subfield code="a">10.30827/tsg-gsw.v8i14.6457</subfield>
        </datafield>
        <datafield tag="024" ind1="8" ind2=" ">
            <subfield code="2">sideral</subfield>
            <subfield code="a">107407</subfield>
        </datafield>
        <datafield tag="037" ind1=" " ind2=" ">
            <subfield code="a">ART-2018-107407</subfield>
        </datafield>
        <datafield tag="041" ind1=" " ind2=" ">
            <subfield code="a">spa</subfield>
        </datafield>
        <datafield tag="100" ind1=" " ind2=" ">
            <subfield code="0">(orcid)0000-0002-5746-1372</subfield>
            <subfield code="a">Gimeno-Monterde, C.</subfield>
            <subfield code="u">Universidad de Zaragoza</subfield>
        </datafield>
        <datafield tag="245" ind1=" " ind2=" ">
            <subfield code="a">Trabajo Social Comunitario: hacia unas políticas públicas sostenibles</subfield>
        </datafield>
        <datafield tag="260" ind1=" " ind2=" ">
            <subfield code="c">2018</subfield>
        </datafield>
        <datafield tag="506" ind1="0" ind2=" ">
            <subfield code="a">Access copy available to the general public</subfield>
            <subfield code="f">Unrestricted</subfield>
        </datafield>
        <datafield tag="520" ind1="3" ind2=" ">
            <subfield code="a">The Community Social Work, having left aside its fundamental role in the organization and social development of communities, reappears as a complementary approach, technically viable and ethically necessary, thus giving response to the commercialization of The Social, in a global scenario of Social Policies based on austerity, which prioritize an exclusively individual and care oriented Social Work. Contrary to the neoliberal policies focussing on the responsibility of the individual in his-her own exclusion, Social Work is betting, as a complementary way of acting and ethical positioning, for a new community dimension. This demands a methodological renewal thus requiring new professional skills. Based on a comparative analysis, we consider Community Social Work the right tool so as to generate Public Policies capable not only of recovering social rights but also offering a more effective, efficient and sustainable management model. We conclude that the analysed community-oriented interventions are bypassing competition among social actors, favouring a fluid communication involving political administrators, technical-professional resources and citizenship. Furthermore, they incorporate the evaluation and systematization of professional practice, thus contributing to a greater social cohesion, as well as to a collective and joint reflection on common solutions.</subfield>
        </datafield>
        <datafield tag="540" ind1=" " ind2=" ">
            <subfield code="9">info:eu-repo/semantics/openAccess</subfield>
            <subfield code="a">by-nc-sa</subfield>
            <subfield code="u">http://creativecommons.org/licenses/by-nc-sa/3.0/es/</subfield>
        </datafield>
        <datafield tag="655" ind1=" " ind2="4">
            <subfield code="a">info:eu-repo/semantics/article</subfield>
            <subfield code="v">info:eu-repo/semantics/publishedVersion</subfield>
        </datafield>
        <datafield tag="700" ind1=" " ind2=" ">
            <subfield code="a">Alamo-Candelaria, J.M.</subfield>
        </datafield>
        <datafield tag="710" ind1="2" ind2=" ">
            <subfield code="1">4009</subfield>
            <subfield code="2">813</subfield>
            <subfield code="a">Universidad de Zaragoza</subfield>
            <subfield code="b">Dpto. Psicología y Sociología</subfield>
            <subfield code="c">Área Trabajo Social y Serv.Soc</subfield>
        </datafield>
        <datafield tag="773" ind1=" " ind2=" ">
            <subfield code="g">8, 14 (2018), 167-194</subfield>
            <subfield code="p">Global soc. work</subfield>
            <subfield code="t">TRABAJO SOCIAL GLOBAL-GLOBAL SOCIAL WORK</subfield>
            <subfield code="x">2013-6757</subfield>
        </datafield>
        <datafield tag="856" ind1="4" ind2="1">
            <subfield code="u">http://revistaseug.ugr.es/index.php/tsg/article/download/6457/pdf</subfield>
            <subfield code="z">Texto completo de la revista</subfield>
        </datafield>
        <datafield tag="856" ind1="4" ind2=" ">
            <subfield code="s">873446</subfield>
            <subfield code="u">http://zaguan.unizar.es/record/75360/files/texto_completo.pdf</subfield>
            <subfield code="y">Versión publicada</subfield>
        </datafield>
        <datafield tag="856" ind1="4" ind2=" ">
            <subfield code="s">50983</subfield>
            <subfield code="u">http://zaguan.unizar.es/record/75360/files/texto_completo.jpg?subformat=icon</subfield>
            <subfield code="x">icon</subfield>
            <subfield code="y">Versión publicada</subfield>
        </datafield>
        <datafield tag="909" ind1="C" ind2="O">
            <subfield code="o">oai:zaguan.unizar.es:75360</subfield>
            <subfield code="p">articulos</subfield>
            <subfield code="p">driver</subfield>
        </datafield>
        <datafield tag="951" ind1=" " ind2=" ">
            <subfield code="a">2021-02-22-07:51:44</subfield>
        </datafield>
        <datafield tag="980" ind1=" " ind2=" ">
            <subfield code="a">ARTICLE</subfield>
        </datafield>
    </record>

    
</collection>